000 00814cam a22002531 4500
001 castleugly00barr
003 CaSfIA
005 20230525154923.0
007 cr||||
008 720424s1966 nyu 000 1 eng
035 _9(DLC) 65011407
856 4 1 _uhttp://www.archive.org/details/castleugly00barr
_zFree eBook from the Internet Archive
856 4 2 _uhttp://www.openlibrary.org/books/OL5940901M
_zAdditional information and access via Open Library
010 _a 65011407
035 _a(OCoLC)291621
040 _aDLC
_cODaWU
_dOCoLC
_dDLC
_dCaSfIA
042 _apremarc
050 0 0 _aPZ4.B2738
_bCas
_aPS3552.A735
100 1 _aBarrett, Mary Ellin.
245 1 0 _aCastle Ugly.
_h[electronic resource]
250 _a[1st ed.]
260 _aNew York,
_bDutton,
_c1966.
300 _a255 p.
_c22 cm.
999 _c20005
_d20005